[Event "Sharjah Rapid op 27th"]
[Site "Sharjah"]
[Date "2022.04.07"]
[Round "8"]
[White "Mastrokoukos, Georgios"]
[Black "Soud, Jaber"]
[Result "1-0"]
[WhiteElo "2306"]
[BlackElo "1414"]
[PlyCount "55"]
[EventDate "2022.04.06"]
[EventType "swiss (rapid)"]
[EventRounds "9"]
[EventCountry "UAE"]
[SourceTitle "CBM 207 Extra"]
[Source "ChessBase"]
[SourceDate "2022.05.31"]
[SourceVersion "1"]
[SourceVersionDate "2022.05.31"]
[SourceQuality "1"]

1. d4 Nf6 2. Nf3 g6 3. g3 Bg7 4. Bg2 0-0 5. 0-0 d5 6. c4 c6 7. cxd5 cxd5 8. Ne5 Nc6 9. Nxc6 bxc6 10. Nc3 Nd7 11. Be3 Rb8 12. b3 e5 13. dxe5 Nxe5 14. Bxa7 Ra8 15. Bd4 Qa5 16. Na4 Ba6 17. Re1 Rfc8 18. Nb6 c5 19. Nxc8 cxd4 20. Ne7+ Kf8 21. Nxd5 d3 22. exd3 Nxd3 23. Re3 Rd8 24. Rb1 Rxd5 25. Bxd5 Qxd5 26. Qf3 Qxf3 27. Rxf3 Bd4 28. Rxd3 1-0

[Event "Puhajarve rap op 18th"]
[Site "Puhajarve"]
[Date "2017.11.25"]
[Round "13"]
[White "Ehlvest, Jaan"]
[Black "Mastrokoukos, Georgios"]
[Result "1-0"]
[WhiteElo "2536"]
[BlackElo "2301"]
[PlyCount "111"]
[EventDate "2017.11.24"]
[EventType "tourn (rapid)"]
[EventRounds "35"]
[EventCountry "EST"]
[SourceTitle "CBM 181 Extra"]
[Source "ChessBase"]
[SourceDate "2017.12.12"]
[SourceVersion "1"]
[SourceVersionDate "2017.12.12"]
[SourceQuality "1"]

1. e4 c5 2. Nf3 Nc6 3. Bb5 d6 4. 0-0 Bd7 5. c3 Nf6 6. Re1 e5 7. d4 Be7 8. h3 0-0 9. d5 Nb8 10. Bd3 b5 11. a4 bxa4 12. Bc2 Na6 13. Bxa4 Nc7 14. c4 a5 15. Bd2 Na6 16. Bxd7 Qxd7 17. Rxa5 Rfb8 18. Qc2 Qb7 19. Rb5 Qc8 20. Nc3 Nb4 21. Qb1 Ne8 22. Rxb8 Rxb8 23. Nb5 Nc7 24. Nxc7 Qxc7 25. Bc3 Qb7 26. Re2 Ra8 27. g3 Bd8 28. Kg2 Ba5 29. b3 Bd8 30. h4 Ra3 31. Bxb4 Qxb4 32. Ra2 h6 33. Rxa3 Qxa3 34. Ne1 Qb4 35. Kf1 Ba5 36. Nf3 Qc3 37. Kg2 Bb4 38. h5 Ba3 39. Nh4 Bb4 40. Nf5 Qd2 41. Nxd6 Qe2 42. Qf1 Qxh5 43. Qd3 Qg5 44. Qf3 Qe7 45. Nf5 Qf6 46. Qg4 g6 47. Qh4 Qxh4 48. Nxh4 Kf8 49. Nf3 f6 50. Nh4 Kf7 51. f4 Bc3 52. Kf3 exf4 53. gxf4 Bb2 54. Kg4 Bc3 55. f5 g5 56. Ng6 1-0

[Event "Puhajarve rap op 18th"]
[Site "Puhajarve"]
[Date "2017.11.25"]
[Round "21"]
[White "Mastrokoukos, Georgios"]
[Black "Leito, Priit"]
[Result "0-1"]
[WhiteElo "2301"]
[BlackElo "2333"]
[PlyCount "50"]
[EventDate "2017.11.24"]
[EventType "tourn (rapid)"]
[EventRounds "35"]
[EventCountry "EST"]
[SourceTitle "CBM 181 Extra"]
[Source "ChessBase"]
[SourceDate "2017.12.12"]
[SourceVersion "1"]
[SourceVersionDate "2017.12.12"]
[SourceQuality "1"]

1. d4 d5 2. Nf3 c5 3. c4 e6 4. cxd5 exd5 5. g3 Nc6 6. Bg2 Nf6 7. 0-0 Be7 8. b3 Ne4 9. Bb2 Bf6 10. e3 0-0 11. Ne5 cxd4 12. exd4 Nxe5 13. dxe5 Be7 14. Nc3 Nxc3 15. Bxc3 Be6 16. Bd4 Qd7 17. f4 b6 18. Qf3 g6 19. Rad1 Rac8 20. Rd2 Rc7 21. h3 Bxh3 22. Qxd5 Qxd5 23. Bxd5 Bxf1 24. Kxf1 Rd8 25. e6 Rxd5 0-1

[Event "Puhajarve rap op 18th"]
[Site "Puhajarve"]
[Date "2017.11.25"]
[Round "11"]
[White "Sammalvuo, Tapani"]
[Black "Mastrokoukos, Georgios"]
[Result "1-0"]
[WhiteElo "2414"]
[BlackElo "2301"]
[PlyCount "62"]
[EventDate "2017.11.24"]
[EventType "tourn (rapid)"]
[EventRounds "35"]
[EventCountry "EST"]
[SourceTitle "CBM 181 Extra"]
[Source "ChessBase"]
[SourceDate "2017.12.12"]
[SourceVersion "1"]
[SourceVersionDate "2017.12.12"]
[SourceQuality "1"]

1. d4 Nf6 2. c4 c5 3. d5 b5 4. cxb5 a6 5. bxa6 g6 6. Nc3 Bxa6 7. Nf3 d6 8. g3 Nbd7 9. Bg2 Nb6 10. b3 Bg7 11. Rb1 0-0 12. 0-0 Bb7 13. Nh4 Nfd7 14. Bb2 c4 15. b4 Bxc3 16. Bxc3 Rxa2 17. Qd4 f6 18. Rfe1 Qa8 19. Ra1 Rb8 20. Qg4 Nf8 21. Nf5 Kf7 22. Ne3 Rc8 23. Qd4 Nbd7 24. Nxc4 Qa4 25. Na5 Rxa1 26. Rxa1 Qc2 27. Nc6 Ne5 28. b5 Qxe2 29. Qb6 Bxc6 30. dxc6 Nf3+ 31. Kh1 Ra8 1-0

[Event "London Classic CSC op 7th"]
[Site "London"]
[Date "2015.12.06"]
[Round "4"]
[White "Healey, Michael W"]
[Black "Mastrokoukos, Georgios"]
[Result "0-1"]
[WhiteElo "2082"]
[BlackElo "2296"]
[PlyCount "54"]
[EventDate "2015.12.04"]
[EventType "swiss"]
[EventRounds "5"]
[EventCountry "ENG"]
[SourceTitle "CBM 169 Extra"]
[Source "ChessBase"]
[SourceDate "2015.12.18"]
[SourceVersion "1"]
[SourceVersionDate "2015.12.18"]
[SourceQuality "1"]

1. e4 g6 2. g3 Bg7 3. Bg2 d6 4. Nc3 e5 5. d3 h5 6. h3 Nc6 7. Be3 Be6 8. Nf3 Nd4 9. Bxd4 exd4 10. Ne2 c5 11. c3 dxc3 12. bxc3 Ne7 13. Ng5 Bc8 14. 0-0 0-0 15. f4 d5 16. Qc2 c4 17. Rfd1 cxd3 18. Qxd3 Qb6+ 19. Kh2 dxe4 20. Nxe4 Nf5 21. Rab1 Qa5 22. Rd2 Rb8 23. c4 Be6 24. N2c3 Rfd8 25. Nd5 b5 26. Rxb5 Rxb5 27. Nef6+ Bxf6 0-1

[Event "London Classic CSC op 7th"]
[Site "London"]
[Date "2015.12.04"]
[Round "1"]
[White "Mastrokoukos, Georgios"]
[Black "Hayward, Alan"]
[Result "1-0"]
[WhiteElo "2296"]
[BlackElo "2008"]
[PlyCount "61"]
[EventDate "2015.12.04"]
[EventType "swiss"]
[EventRounds "5"]
[EventCountry "ENG"]
[SourceTitle "CBM 169 Extra"]
[Source "ChessBase"]
[SourceDate "2015.12.18"]
[SourceVersion "1"]
[SourceVersionDate "2015.12.18"]
[SourceQuality "1"]

1. d4 d5 2. Nf3 Nc6 3. c4 Bg4 4. cxd5 Bxf3 5. gxf3 Qxd5 6. e3 e6 7. Nc3 Qh5 8. f4 Qh4 9. Bg2 Nge7 10. b4 a6 11. Rb1 g5 12. b5 axb5 13. Rxb5 gxf4 14. Rxb7 Bh6 15. 0-0 0-0-0 16. Rb5 f5 17. Qf3 Rhg8 18. Rc5 Qg4 19. Kh1 Qxf3 20. Bxf3 Kd7 21. exf4 Bf8 22. Be3 Nb4 23. Rb5 Nbd5 24. Nxd5 exd5 25. Bxd5 Rg6 26. Bf7 Rf6 27. Bb3 Nc8 28. Ba4 Kd6 29. Rb8 Ke7 30. Rc1 Nb6 31. Rxc7+ 1-0

[Event "Isthmia op 5th"]
[Site "Loutraki"]
[Date "2015.08.25"]
[Round "9"]
[White "Mastrokoukos, Georgios"]
[Black "Papadopoulos, Georgios Vas"]
[Result "1-0"]
[WhiteElo "2297"]
[BlackElo "2318"]
[PlyCount "67"]
[EventDate "2015.08.18"]
[EventType "swiss"]
[EventRounds "9"]
[EventCountry "GRE"]
[SourceTitle "EXT 2016"]
[Source "ChessBase"]
[SourceDate "2015.10.08"]
[SourceVersion "1"]
[SourceVersionDate "2015.10.08"]
[SourceQuality "1"]

1. d4 Nf6 2. Nf3 g6 3. c4 Bg7 4. g3 0-0 5. Bg2 d6 6. 0-0 Nc6 7. d5 Na5 8. Nbd2 c5 9. Ne1 a6 10. Nc2 b5 11. cxb5 axb5 12. b4 Nb7 13. Bb2 Qc7 14. a3 e5 15. dxe6 Bxe6 16. Qb1 Qd7 17. Rd1 Rac8 18. Ne3 c4 19. Bc3 Ng4 20. Nxg4 Bxg4 21. Qb2 f6 22. Ne4 Qe7 23. a4 Rcd8 24. Bd4 bxa4 25. Rxa4 Rd7 26. Nc3 Be6 27. Bc6 Rc7 28. Nd5 Bxd5 29. Bxd5+ Kh8 30. Ra7 Rfc8 31. Qc3 Nd8 32. Rda1 Ne6 33. Rxc7 Nxc7 34. Qxc4 1-0

[Event "Isthmia op 5th"]
[Site "Loutraki"]
[Date "2015.08.24"]
[Round "8"]
[White "Drenchev, Petar"]
[Black "Mastrokoukos, Georgios"]
[Result "1-0"]
[WhiteElo "2463"]
[BlackElo "2297"]
[PlyCount "71"]
[EventDate "2015.08.18"]
[EventType "swiss"]
[EventRounds "9"]
[EventCountry "GRE"]
[SourceTitle "EXT 2016"]
[Source "ChessBase"]
[SourceDate "2015.10.08"]
[SourceVersion "1"]
[SourceVersionDate "2015.10.08"]
[SourceQuality "1"]

1. e4 c5 2. Nf3 e6 3. b3 d5 4. exd5 Qxd5 5. Bb2 Nf6 6. Nc3 Qd8 7. Ne5 Be7 8. f4 Bd7 9. Qf3 Nc6 10. 0-0-0 0-0 11. Bd3 Nb4 12. Be2 Nbd5 13. g4 Qc7 14. g5 Ne8 15. Rhg1 Nxc3 16. dxc3 Rd8 17. c4 f5 18. gxf6 Bxf6 19. Qh5 Bc8 20. Bd3 g6 21. Nxg6 Bxb2+ 22. Kxb2 hxg6 23. Rxg6+ Ng7 24. Rdg1 Rf7 25. Rxg7+ Rxg7 26. Qh7+ Kf8 27. Qh8+ Ke7 28. Qxg7+ Kd6 29. Qe5+ Kc6 30. Rg7 Qd6 31. h4 Qxe5+ 32. fxe5 Rd4 33. h5 Rh4 34. Bg6 Bd7 35. a4 Kc7 36. Be8 1-0

[Event "Nikaia Fysiolatriko op 06th"]
[Site "Nikaia"]
[Date "2008.06.23"]
[Round "4"]
[White "Raptakis, Solon"]
[Black "Mastrokoukos, Georgios"]
[Result "0-1"]
[WhiteElo "2053"]
[BlackElo "2325"]
[PlyCount "76"]
[EventDate "2008.06.21"]
[EventType "swiss"]
[EventRounds "7"]
[EventCountry "GRE"]
[SourceTitle "EXT 2010"]
[Source "ChessBase"]
[SourceDate "2010.11.25"]
[SourceVersion "1"]
[SourceVersionDate "2010.11.25"]
[SourceQuality "1"]

1. e4 c5 2. Nf3 e6 3. d4 cxd4 4. Nxd4 Nf6 5. Bd3 d5 6. Bb5+ Bd7 7. exd5 Nxd5 8. Qe2 Bc5 9. Bxd7+ Nxd7 10. Nb3 Bd6 11. c4 N5f6 12. Nc3 Rc8 13. Be3 0-0 14. Nb5 Bb4+ 15. Bd2 Bxd2+ 16. Nxd2 a6 17. Nd6 Rc6 18. N6e4 Nxe4 19. Nxe4 Ne5 20. 0-0 Nxc4 21. Rac1 Qc7 22. Rc3 Ne5 23. Rg3 Ng6 24. Nc3 Rd8 25. Qg4 Rc4 26. Qg5 h6 27. Qe3 Nf4 28. Ne2 Rd3 29. Nxf4 Rxe3 30. fxe3 Rc1 31. Rgf3 Rxf1+ 32. Rxf1 Qb6 33. Rf2 Qxe3 34. g3 Qc1+ 35. Kg2 e5 36. Nd3 Qe3 37. Rf3 Qe2+ 38. Nf2 e4 0-1

[Event "Nikaia Fysiolatriko op 06th"]
[Site "Nikaia"]
[Date "2008.06.22"]
[Round "3"]
[White "Mastrokoukos, Georgios"]
[Black "Alexopoulos, Alexios"]
[Result "1-0"]
[WhiteElo "2325"]
[BlackElo "1901"]
[PlyCount "67"]
[EventDate "2008.06.21"]
[EventType "swiss"]
[EventRounds "7"]
[EventCountry "GRE"]
[SourceTitle "EXT 2010"]
[Source "ChessBase"]
[SourceDate "2010.11.25"]
[SourceVersion "1"]
[SourceVersionDate "2010.11.25"]
[SourceQuality "1"]

1. d4 Nf6 2. Nf3 d5 3. c4 e6 4. g3 g6 5. Bg2 Bg7 6. 0-0 0-0 7. Nc3 c6 8. Qd3 Nbd7 9. Bf4 a6 10. e4 Nxe4 11. Nxe4 dxe4 12. Qxe4 Nf6 13. Qc2 Qa5 14. Rfe1 Rd8 15. a3 Qf5 16. Qb3 Nh5 17. Bc7 Rd7 18. Bb6 Bf6 19. Ne5 Bxe5 20. Rxe5 Qf6 21. Rae1 Ng7 22. d5 cxd5 23. cxd5 Rd6 24. Qb4 Ne8 25. Bc5 a5 26. Qc3 Rd8 27. Bb6 Rd6 28. Bxa5 Bd7 29. Bb4 Rc8 30. Qd2 Rb6 31. Bc3 Qe7 32. Qd4 Qc5 33. Qxc5 Rxc5 34. dxe6 1-0

[Event "Athens Smaok op 1th"]
[Site "Athens"]
[Date "2006.12.15"]
[Round "6"]
[White "Mastrokoukos, Georgios"]
[Black "Tassopoulos, Marios"]
[Result "1/2-1/2"]
[WhiteElo "2308"]
[BlackElo "2223"]
[PlyCount "220"]
[EventDate "2006.11.10"]
[EventType "swiss"]
[EventRounds "6"]
[EventCountry "GRE"]
[SourceTitle "EXT 2024"]
[Source "ChessBase"]
[SourceDate "2023.10.10"]
[SourceVersion "1"]
[SourceVersionDate "2023.10.10"]
[SourceQuality "1"]

1. Nf3 d5 2. c4 e6 3. d4 Nf6 4. Nc3 Be7 5. e3 0-0 6. Bd3 c5 7. 0-0 Nc6 8. a3 b6 9. cxd5 exd5 10. Ne5 Qc7 11. Nxc6 Qxc6 12. Bd2 Bg4 13. f3 Bh5 14. Rc1 Bg6 15. Qe2 Bxd3 16. Qxd3 Qb7 17. Ne2 Nd7 18. Nf4 cxd4 19. Qxd4 Bf6 20. Qxd5 Qxd5 21. Nxd5 Bxb2 22. Rc7 Nc5 23. Bb4 Na6 24. Rc2 Nxb4 25. axb4 Be5 26. f4 Bd6 27. Ra1 h6 28. Rc6 Rfd8 29. Nxb6 Rab8 30. Rxa7 Bxb4 31. Nc4 Rbc8 32. Raa6 Be7 33. Kf2 Bf6 34. Kf3 Rxc6 35. Rxc6 Rd1 36. Rc8+ Kh7 37. Rf8 Rd7 38. Nb6 Rd6 39. Nc4 Rd7 40. g4 g6 41. Nb6 Rb7 42. Nd5 Kg7 43. Rc8 Rb5 44. Ke4 Rb2 45. Nc7 Be7 46. Ne8+ Kf8 47. Nf6+ Kg7 48. Ne8+ Kf8 49. Ke5 Rb5+ 50. Kd4 Rb2 51. e4 Bh4 52. Nd6+ Ke7 53. e5 Rd2+ 54. Ke3 Rxh2 55. Rc7+ Ke6 56. Rxf7 Rg2 57. Rh7 Rxg4 58. Rxh6 Bg3 59. Kf3 Rxf4+ 60. Kxg3 Kxe5 61. Rxg6 Rf1 62. Kg2 Rf6 63. Nc4+ Kf5 64. Rg3 Rc6 65. Ne3+ Ke4 66. Kf2 Rf6+ 67. Ke2 Ra6 68. Rg4+ Ke5 69. Nc4+ Kf6 70. Ke3 Ra1 71. Ke4 Re1+ 72. Ne3 Re2 73. Rf4+ Ke6 74. Rh4 Kd6 75. Rh5 Re1 76. Kd4 Ke6 77. Rh6+ Kf7 78. Rd6 Re2 79. Nc4 Re1 80. Ne5+ Ke7 81. Ra6 Rd1+ 82. Ke4 Re1+ 83. Kd4 Rd1+ 84. Nd3 Rd2 85. Ke4 Re2+ 86. Kf5 Rd2 87. Nf4 Rd1 88. Ng6+ Kd7 89. Ne5+ Kc7 90. Rc6+ Kb7 91. Ke6 Re1 92. Rc3 Kb6 93. Kd5 Rd1+ 94. Nd3 Rh1 95. Rc2 Rd1 96. Rc6+ Kb7 97. Rc3 Kb6 98. Rb3+ Kc7 99. Ra3 Rh1 100. Ra7+ Kb6 101. Rd7 Rh5+ 102. Ne5 Rf5 103. Rd8 Kc7 104. Rd6 Rh5 105. Re6 Rf5 106. Kc5 Rf1 107. Re7+ Kd8 108. Nc6+ Kc8 109. Kb6 Rb1+ 110. Kc5 Rc1+ 1/2-1/2

[Event "GRE-chT 35th"]
[Site "Ermioni Argolidas"]
[Date "2006.07.07"]
[Round "5"]
[White "Kalaitzoglou, Panayotis"]
[Black "Mastrokoukos, Georgios"]
[Result "1/2-1/2"]
[WhiteElo "2176"]
[BlackElo "2324"]
[PlyCount "113"]
[EventDate "2006.07.03"]
[EventType "team"]
[EventRounds "9"]
[EventCountry "GRE"]
[SourceTitle "CBM 113 Extra"]
[Source "ChessBase"]
[SourceDate "2006.09.14"]
[SourceVersion "1"]
[SourceVersionDate "2006.09.14"]
[SourceQuality "1"]

1. e4 c5 2. c3 d5 3. exd5 Qxd5 4. d4 cxd4 5. cxd4 e6 6. Nc3 Qd8 7. Nf3 Nf6 8. Bd3 Nc6 9. 0-0 Be7 10. Re1 0-0 11. a3 b6 12. Bc2 Ba6 13. Bb3 Na5 14. Ba2 Bb7 15. b4 Rc8 16. Nb5 Nc6 17. Bb2 Nd5 18. Rc1 Bf6 19. Ne5 a6 20. Nc3 Nf4 21. Qg4 Qxd4 22. Nxc6 Rxc6 23. Rcd1 Nd3 24. Qxd4 Nxb2 25. Qd7 Nxd1 26. Qxb7 Rxc3 27. Rxd1 Rxa3 28. Bb1 b5 29. g3 g6 30. Kg2 Rb3 31. Qe4 Rc8 32. Rd7 Rf8 33. Ra7 Rb2 34. Rxa6 Be7 35. Bd3 Rxb4 36. Qe2 Bf6 37. Bxb5 Rb2 38. Qc4 Rd8 39. Ra2 Rdd2 40. Rxb2 Rxb2 41. Be8 Rb7 42. Qe4 Re7 43. Bb5 Kg7 44. h4 h5 45. g4 hxg4 46. Qxg4 Rc7 47. Be2 Rc5 48. Qg3 Rc2 49. Qd3 Rc5 50. Qg3 Rc2 51. Bd1 Rd2 52. Bf3 Bd4 53. Qf4 Rxf2+ 54. Kg3 e5 55. Qg4 Rb2 56. h5 Be3 57. Bd5 1/2-1/2

[Event "Heraclion op 10th"]
[Site "Athens"]
[Date "2006.06.14"]
[Round "5"]
[White "Mastrokoukos, Georgios"]
[Black "Kiriazis, Dimitrios"]
[Result "1-0"]
[WhiteElo "2324"]
[BlackElo "1906"]
[PlyCount "61"]
[EventDate "2006.06.10"]
[EventType "swiss"]
[EventRounds "9"]
[EventCountry "GRE"]
[SourceTitle "CBM 112 Extra"]
[Source "ChessBase"]
[SourceDate "2006.07.14"]
[SourceVersion "1"]
[SourceVersionDate "2006.07.14"]
[SourceQuality "1"]

1. d4 Nf6 2. Nf3 e6 3. e3 d5 4. Bd3 Bd6 5. Nbd2 Nbd7 6. 0-0 0-0 7. e4 dxe4 8. Nxe4 Nxe4 9. Bxe4 Nf6 10. Bd3 h6 11. c3 b6 12. Bc2 Bb7 13. Re1 c5 14. Qd3 Qc7 15. Ne5 Bxe5 16. dxe5 Qc6 17. Qg3 Nh5 18. Qh3 Rfd8 19. f3 g6 20. Bxh6 Qb5 21. Rab1 Rd7 22. Bg5 Rad8 23. Qh4 Rd2 24. Ba4 Qd3 25. Bxd2 b5 26. Bc2 Qxd2 27. Rbd1 Qxc2 28. Rxd8+ Kg7 29. Qe7 g5 30. Rd7 Nf4 31. Qf6+ 1-0

[Event "Heraclion op 10th"]
[Site "Athens"]
[Date "2006.06.12"]
[Round "3"]
[White "Mastrokoukos, Georgios"]
[Black "Ponirakis, Dimitrios"]
[Result "1-0"]
[WhiteElo "2324"]
[BlackElo "1985"]
[PlyCount "65"]
[EventDate "2006.06.10"]
[EventType "swiss"]
[EventRounds "9"]
[EventCountry "GRE"]
[SourceTitle "CBM 112 Extra"]
[Source "ChessBase"]
[SourceDate "2006.07.14"]
[SourceVersion "1"]
[SourceVersionDate "2006.07.14"]
[SourceQuality "1"]

1. d4 d5 2. c4 e6 3. Nf3 Nf6 4. g3 Be7 5. Bg2 0-0 6. 0-0 dxc4 7. Qc2 a6 8. a4 Bd7 9. Qxc4 Bc6 10. Bg5 Nbd7 11. Nc3 h6 12. Bxf6 Nxf6 13. Rfe1 Bd5 14. Qd3 c5 15. e4 Bc6 16. d5 exd5 17. exd5 Nxd5 18. Nxd5 Bxd5 19. Rxe7 Qxe7 20. Qxd5 Rfd8 21. Qb3 Rab8 22. a5 Qc7 23. Bf1 b5 24. axb6 Rxb6 25. Qc3 Rdb8 26. Bc4 Rxb2 27. Rxa6 Rb1+ 28. Kg2 Re8 29. Rg6 Kf8 30. Qxg7+ Ke7 31. Re6+ Kd8 32. Qf6+ Re7 33. Rd6+ 1-0

[Event "Nikaia op 13th"]
[Site "Nikaia"]
[Date "2005.08.28"]
[Round "7"]
[White "Poteas, Ioannis"]
[Black "Mastrokoukos, Georgios"]
[Result "1-0"]
[WhiteElo "2136"]
[BlackElo "2345"]
[PlyCount "69"]
[EventDate "2005.08.23"]
[EventType "swiss"]
[EventRounds "9"]
[EventCountry "GRE"]
[SourceTitle "CBM 108 Extra"]
[Source "ChessBase"]
[SourceDate "2005.11.04"]
[SourceVersion "1"]
[SourceVersionDate "2005.11.04"]
[SourceQuality "1"]

1. d4 g6 2. e4 Bg7 3. Nc3 c5 4. d5 d6 5. Nf3 Nf6 6. Bb5+ Nfd7 7. a4 Na6 8. Be2 Nc7 9. 0-0 0-0 10. Bf4 f5 11. exf5 Rxf5 12. Qd2 Nb6 13. Bh6 Qf8 14. Bxg7 Kxg7 15. Bd3 Rh5 16. Be4 Bf5 17. Rfe1 Bxe4 18. Rxe4 Nbxd5 19. Nxd5 Nxd5 20. Ng5 Qf6 21. Qxd5 Rxg5 22. Qxb7 Re8 23. Rae1 Kf8 24. Re6 Qf7 25. a5 d5 26. Qxa7 d4 27. Qb7 Rf5 28. f3 c4 29. a6 d3 30. cxd3 cxd3 31. Qd7 Ra5 32. Qxd3 Qf4 33. Rxe7 Rc8 34. R7e4 Qf6 35. Qd7 1-0

[Event "Kavala op 14th"]
[Site "Kavala"]
[Date "2005.08.19"]
[Round "9"]
[White "Mastrokoukos, Georgios"]
[Black "Berescu, Alin Mile"]
[Result "1-0"]
[WhiteElo "2345"]
[BlackElo "2445"]
[PlyCount "133"]
[EventDate "2005.08.12"]
[EventType "swiss"]
[EventRounds "9"]
[EventCountry "GRE"]
[SourceTitle "CBM 107 Extra"]
[Source "ChessBase"]
[SourceDate "2005.09.01"]
[SourceVersion "1"]
[SourceVersionDate "2005.09.01"]
[SourceQuality "1"]

1. d4 Nf6 2. Bg5 Ne4 3. Bf4 e6 4. f3 Bd6 5. Bxd6 Nxd6 6. Qd2 f5 7. e3 b6 8. Nc3 Qh4+ 9. g3 Qh6 10. 0-0-0 Bb7 11. Kb1 Nc6 12. Nh3 Na5 13. Qe2 Nac4 14. Nf4 g5 15. Ng2 Qh5 16. d5 0-0-0 17. f4 Qxe2 18. Bxe2 gxf4 19. exf4 b5 20. Bxc4 Nxc4 21. b3 Nb6 22. Nxb5 Nxd5 23. Nxa7+ Kb8 24. Nb5 c6 25. Nd6 Nc3+ 26. Kb2 Nxd1+ 27. Rxd1 Rhf8 28. Ne3 c5 29. Nec4 Bd5 30. Ne5 Kc7 31. Ndf7 d6 32. Nxd8 Rxd8 33. Nd3 h5 34. c4 Bf3 35. Re1 Kd7 36. a3 Be4 37. Rd1 Bxd3 38. Rxd3 Rb8 39. Kc3 Ra8 40. Kb2 Rb8 41. Rd2 Kc6 42. Re2 Kd7 43. Re1 Rb7 44. Re3 Rb8 45. Kc2 Rc8 46. Kc3 Ra8 47. Kb2 Rb8 48. Ka2 Ra8 49. a4 Re8 50. Ka3 Ra8 51. Re1 Ra7 52. b4 cxb4+ 53. Kxb4 Rb7+ 54. Kc3 Rc7 55. Kd4 Ra7 56. Ra1 Ra5 57. Kc3 e5 58. Kb4 Ra8 59. fxe5 dxe5 60. Kc5 Ke6 61. a5 Rc8+ 62. Kb6 Rxc4 63. a6 Rb4+ 64. Kc5 Rb8 65. a7 Ra8 66. Ra6+ Kd7 67. Kb6 1-0

[Event "GRE-chT 34th"]
[Site "Ermioni Argolidas"]
[Date "2005.07.05"]
[Round "2"]
[White "Kapnisis, Spyridon"]
[Black "Mastrokoukos, Georgios"]
[Result "1-0"]
[WhiteElo "2420"]
[BlackElo "2345"]
[PlyCount "93"]
[EventDate "2005.07.04"]
[EventType "team"]
[EventRounds "9"]
[EventCountry "GRE"]
[SourceTitle "CBM 107 Extra"]
[Source "ChessBase"]
[SourceDate "2005.09.01"]
[SourceVersion "1"]
[SourceVersionDate "2005.09.01"]
[SourceQuality "1"]

1. d4 Nf6 2. c4 d6 3. Nc3 Nbd7 4. Nf3 e5 5. Bg5 Be7 6. Qc2 c6 7. e3 0-0 8. Bd3 h6 9. Bxf6 Bxf6 10. 0-0-0 a6 11. g4 exd4 12. exd4 b5 13. Rhg1 bxc4 14. Bxc4 Nb6 15. Bb3 a5 16. h4 a4 17. Nxa4 Nxa4 18. Bxa4 Bxh4 19. Bb3 Be6 20. Bxe6 fxe6 21. Qe4 Bg5+ 22. Kb1 Kh8 23. Rd3 Qf6 24. Re1 Rae8 25. Qxc6 d5 26. Qc2 Rc8 27. Qe2 Rc7 28. a3 Qg6 29. Ne5 Qe8 30. Rf3 Bf6 31. Qd3 Bxe5 32. Rxe5 Rxf3 33. Qxf3 Qa4 34. Qd3 Rf7 35. f3 Qc6 36. Qc2 Qa6 37. Qe2 Qxe2 38. Rxe2 Rxf3 39. a4 Rf4 40. Rd2 Rxg4 41. a5 e5 42. dxe5 Ra4 43. Rxd5 Kg8 44. b3 Rb4 45. Kc2 g5 46. Rd8+ Kf7 47. a6 1-0